00457nam a2200181 a 450000100060000000300090000600800410001502000150005604000280007108200090009910000200010824500160012826000410014430000100018549000220019565000340021765000240025117744CO-ViMGA141112s2004 ck r 000 u spa d a8424180879 aCO-ViMGAbspacCO-ViMGA04aDUBc1 aDubovoy, Silvia10aCaparazones aLeón (España), cEverest, c2002 a41.p. aAdivina quien es?14aANIMALES - CUENTOS INFANTILES14aCUENTOS INFANTILES